Efektivní týmová spolupráce

Správne zostavený tím ako podmienka pre optimálny výkon. Tímové úlohy: mysliteľ-inovátor, vyhľadávač zdrojov a príležitostí, koordinátor, formovač, kontrolór-vyhodnocovač, tímový hráč, realizátor, doťahovač, špecialista. Maximalizácia tímového potenciálu.

Gespeichert in:
Bibliographische Detailangaben
1. Verfasser: Šlapalová Čempelová, Zuzana
Format: Buchkapitel
Sprache:Tschechisch
Schlagworte:
Tags: Tag hinzufügen
Keine Tags, Fügen Sie das erste Tag hinzu!

MARC

LEADER 00000naa a2200000 4500
001 0157803
005 20231211073536.8
041 0 |a cze 
044 |a CZ 
245 1 0 |a Efektivní týmová spolupráce  |c Zuzana Šlapalová Čempelová 
520 |a Správne zostavený tím ako podmienka pre optimálny výkon. Tímové úlohy: mysliteľ-inovátor, vyhľadávač zdrojov a príležitostí, koordinátor, formovač, kontrolór-vyhodnocovač, tímový hráč, realizátor, doťahovač, špecialista. Maximalizácia tímového potenciálu. 
610 2 0 |a tímy pracovné 
610 2 0 |a kolektív pracovný 
610 2 0 |a práca 
610 2 0 |a pracovníci 
610 2 0 |a výkony pracovné 
610 2 0 |a efektívnosť 
100 1 |a Šlapalová Čempelová, Zuzana